| 000 | 00534nam a22001937a 4500 | ||
|---|---|---|---|
| 005 | 20230911105801.0 | ||
| 010 | _aENG-137666 | ||
| 020 |
_c150.00 _a8187317353 |
||
| 035 | _aEN-121298 | ||
| 037 | _bDBAD/PUB | ||
| 082 | _a345.94308 | ||
| 100 |
_aIyer , V.K _956139 |
||
| 245 |
_aNetworking and the Future of LIbraries/ _hENG |
||
| 250 | _a | ||
| 260 |
_aDelhi _bRajat Publications _c1998 |
||
| 270 |
_a4/32, geeta colony _bDelhi _e110031 |
||
| 300 |
_a283p. _c22cm(pbk) _bIndex |
||
| 942 |
_2ddc _cEN _h021.65 _kIYE |
||
| 999 |
_c197767 _d197767 |
||